| 000 | 00657nam a2200217 a 4500 | ||
|---|---|---|---|
| 999 |
_c3609 _d3609 |
||
| 001 | 3609 | ||
| 003 | BD-JhCC | ||
| 005 | 20180311112333.0 | ||
| 008 | 171115s1371 bg |||| ||a| 000 0 ben d | ||
| 035 | _a(BD-JhCC)3609 | ||
| 040 |
_aBD-JhCC _dBD-JhCC |
||
| 041 | _aben | ||
| 082 |
_a920 _bAHA 1371 |
||
| 100 | _aআহমদ, বেগম জেবু | ||
| 245 |
_aস্মরণীয় বরণীয় যাঁরা / _cবেগম জেবু আহমদ |
||
| 260 |
_aঢাকা : _bবাংলা একাডেমী, _c1371. |
||
| 300 |
_a106 p. : _c21 cm. |
||
| 650 | _aCollection of Biography | ||
| 942 |
_2ddc _cBK |
||